00798nam a2200205 a 450000100060000000300090000600800410001502000150005604000280007108200170009910000190011624500840013526000250021930000100024450501730025465000570042765000360048465000380052065000340055822941CO-ViMGA141112s2004 ck r 000 u spa d a9706764690 aCO-ViMGAbspacCO-ViMGA04a302.23 B414i1 aBiagi, Shirley10aImpacto de los medios : bIntroducciòn a los medios masivos de comunicaciòn aMéxico : bThomson a408p. aLos medios de comunicacion, Libros, Los periodicos, Radio, Television, Publicidad, Relaciones Publicas, Noticias e informacion, Ley y regulacion, Medios internacionales14aMEDIOS DE COMUNICACION DE MASAS - ASPECTOS SOCIALES 14aMEDIOS MACIVOS DE COMUNICACION 14aPERIIODISTA - ética PROFESIONAL14aTECNOLOGIA DE LA INFORMACION